000 00773nam a22001577a 4500
003 OSt
005 20151106090238.0
008 151106b xxu||||| |||| 00| 0 eng d
040 _cRUA
082 _aFOR OUK 2002 B128 Or.1
100 _93427
_aOUK, VECHHEKA.
245 _aThe contribution of ecotourism to the improvement of local liveli hoods in phom preah reach trop recreation area (វិភាគទាននៃទេសចរណ័បរិស្ថានក្នុងការលើកស្ទួយជីវភាពរបស់សហគមន៏មូលដ្ធាននៃតំបន់រមណីយដ្ឋានភ្នំព្រះរាជទ្រព្យ)
260 _aPhnom Penh
_bRUA
_c2002
300 _a45p.
_bill.
_c29cm.
942 _2ddc
_cFOR
999 _c3198
_d3198